Vista normal
Vista MARC
Entrada Corporate Name
Número de registros utilizados en: 1
001 - CONTROL NUMBER
- control field: 62214
003 - CONTROL NUMBER IDENTIFIER
- control field: OSt
005 - DATE AND TIME OF LATEST TRANSACTION
- control field: 20250814140631.0
008 - FIXED-LENGTH DATA ELEMENTS
- fixed length control field: 250814|| aca||aabn | a|a d
040 ## - CATALOGING SOURCE
- Original cataloging agency: OSt
- Transcribing agency: OSt
110 ## - HEADING--CORPORATE NAME
- Corporate name or jurisdiction name as entry element: Colombia
- Subordinate unit: Ejército Nacional
- General subdivision: edificios, estructuras, etc
- Form subdivision: fotografías
670 ## - SOURCE DATA FOUND
- Source citation: Work cat.: (OSt)58006: Bogotá y el Ejército Nacional en el bicentenario /